South Asia: An intoductory bibliography (Record no. 515243)
[ view plain ]
| 000 -LEADER | |
|---|---|
| fixed length control field | 00249nam a22000977a 4500 |
| 082 ## - DEWEY DECIMAL CLASSIFICATION NUMBER | |
| Classification number | TNC B11x5 P19/62 |
| 100 ## - MAIN ENTRY--PERSONAL NAME | |
| Personal name | Patterson |
| 9 (RLIN) | 20509 |
| 245 ## - TITLE STATEMENT | |
| Title | South Asia: An intoductory bibliography |
| 260 ## - PUBLICATION, DISTRIBUTION, ETC. (IMPRINT) | |
| Place of publication, distribution, etc | Chicago |
| Name of publisher, distributor, etc | Univ. of Chicago |
| Date of publication, distribution, etc | 1962 |
| 300 ## - PHYSICAL DESCRIPTION | |
| Extent | 345p. |
| Withdrawn status | Lost status | Source of classification or shelving scheme | Damaged status | Koha normalized classification for sorting | Not for loan | Permanent location | Current location | Date acquired | Full call number | Barcode | Date last seen | Price effective from | Koha item type |
|---|---|---|---|---|---|---|---|---|---|---|---|---|---|
| TNC_B11X5_P19_62_000000000000000 | Indian Institute of Public Administration | Indian Institute of Public Administration | 2021-01-19 | TNC B11x5 P19/62 | GR22338 | 2021-01-19 | 2021-01-19 | Book |
